000 00274nam a22001217a 4500
040 _cHS
082 _a639
100 _aវឹង សេដ្ឋា
245 _aបរិស្ថាន
260 _aRUA
_bវឹង សេដ្ឋា
_c2011
300 _a46p;
942 _cKB
999 _c9434
_d9434